Los límites de la democracia en América Latina: notas para una discusión /
En este ensayo se plantea la interrogante sobre la procedencia real de la democracia en América Latina. Señala que una serie de intervenciones foráneas manipulan el pensamiento político y social latinoamericano, alterando de esa manera su autonomía ideológica. Entre otras circunstancias, menciona la...
Saved in:
| Main Author: | |
|---|---|
| Format: | Text |
| Subjects: | |
| Tags: |
Add Tag
No Tags, Be the first to tag this record!
|
MARC
| LEADER | 00000 a a2200000 04500 | ||
|---|---|---|---|
| 001 | 12748 | ||
| 003 | |||
| 040 | |a CRAI/IIS |c CRAI/IIS | ||
| 100 | |a Cueva, Agustín | ||
| 245 | |a Los límites de la democracia en América Latina: |b notas para una discusión / |c Agustín Cueva | ||
| 520 | |a En este ensayo se plantea la interrogante sobre la procedencia real de la democracia en América Latina. Señala que una serie de intervenciones foráneas manipulan el pensamiento político y social latinoamericano, alterando de esa manera su autonomía ideológica. Entre otras circunstancias, menciona las siguientes: la radical derechización de occidente, debido a los estereotipos europeos y estadounidenses el reflujo de la izquierda en América Latina, de cuya manifestación son exponentes México, Brasil y Argentina también se refiere al militarismo y la contención de las masas a la restricción de la soberanía la instrumentalización de la democracia y, finalmente, a la propuesta de estabilizar una sociedad conservadora, en donde la razón democrática termine por identificarse, tal como sucede en Europa y Estados Unidos, con la razón conservadora y reaccionaria. ILSE/mb | ||
| 650 | |a DEMOCRACIA | ||
| 650 | |a TEORIA SOCIAL | ||
| 650 | |a LUCHA DE CLASES | ||
| 650 | |a INTERVENCION EXTRANJERA | ||
| 650 | |a MILITARISMO | ||
| 650 | |a CONSERVATISMO | ||
| 650 | |a FUERZAS ARMADAS | ||
| 650 | |a AUTODETERMINACION | ||
| 773 | |g número 1; páginas 60-67 | ||
| 999 | |c 20024 |d 20024 | ||
